000 00670nam a2200193Ii 4500
003 JO-AjNU
008 230606s9999||||xx |||||||||||||| ||und||
040 _aJO-AjNU
_beng
_erda
_cJO-AjNU
041 _aeng
050 1 4 _aPE1689.M24
100 3 _aMcArthur, Tom, Beryl Atkins,
_eauthor
_92809
245 0 0 _aYork Dictionary of phrasal verbs and their idioms
264 3 1 _aBeirut, Lebanon: Librairie du Liban
300 _a52p
336 _atext
_btxt
_2rdacontent
337 _aunmediated
_bn
_2rdamedia
338 _avolume
_bnc
_2rdacarrier
650 4 _aENGLISH LANGUAGE -- VERB PHRASE -- DICTIONARIES -- English language -- Verb phrase -- Dictionaries -- Arabic
_92810
999 _aE1472
_c1472
_d1472